000 00856nmm a2200277 a 4500
001 ocm000608274
003 TR-IsHL
005 20201028125117.0
008 110704s2006 tu tur
007 cr cn
020 _a9789944411233
035 _a608274
_b(N$T)
050 0 4 _aHD69.B7
_bA3 2006
090 0 4 _aHD69.B7
_bA3 2006
100 1 _aAk, Mehmet
245 1 0 _aMarka yönetimi: marka ürününüze ruh katar
_h[electronic resource] /
_cMehmet Ak
250 _a1. bs.
260 _aİstanbul :
_bAkis Kitap,
_c2006
300 _a128 p.
650 4 _aİşletme ve Yönetim
650 4 _aBusiness and Management
650 0 _aMarka yönetimi
650 0 _aBrand management
650 7 _aBUSINESS & ECONOMICS / Management
_2bisacsh
856 4 0 _uhttp://search.ebscohost.com/login.aspx?direct=true&scope=site&db=e011xww&AN=608274
999 _c3309
_d3309